indigenous knowledge of farmers in planting banana and mango fruit trees (ចំណោះដឹងមានស្រាប់របស់កសិករលើការដំាដុះឈើហូបផ្លៃ ចេក និង​ ស្វាយ) (Record no. 477)

000 -LEADER
fixed length control field 00609nam a22001577a 4500
003 - CONTROL NUMBER IDENTIFIER
control field OSt
005 - DATE AND TIME OF LATEST TRANSACTION
control field 20150915104125.0
008 - FIXED-LENGTH DATA ELEMENTS--GENERAL INFORMATION
fixed length control field 150915b xxu||||| |||| 00| 0 eng d
040 ## - CATALOGING SOURCE
Transcribing agency RUA
082 ## - DEWEY DECIMAL CLASSIFICATION NUMBER
Classification number AGR CHE 2002 B027 Or.1
100 ## - MAIN ENTRY--PERSONAL NAME
9 (RLIN) 497
Personal name CHEM, SOCHEA.
245 ## - TITLE STATEMENT
Title indigenous knowledge of farmers in planting banana and mango fruit trees (ចំណោះដឹងមានស្រាប់របស់កសិករលើការដំាដុះឈើហូបផ្លៃ ចេក និង​ ស្វាយ)
260 ## - PUBLICATION, DISTRIBUTION, ETC. (IMPRINT)
Place of publication, distribution, etc. Phnom Penh
Name of publisher, distributor, etc. RUA
Date of publication, distribution, etc. 2002
300 ## - PHYSICAL DESCRIPTION
Extent 77p.
Other physical details ill.
Dimensions 29cm.
942 ## - ADDED ENTRY ELEMENTS (KOHA)
Source of classification or shelving scheme
Koha item type AGR
Holdings
Price effective from Date last seen Permanent Location Not for loan Date acquired Source of classification or shelving scheme Koha item type Lost status Withdrawn status Date last checked out Total Checkouts Shelving location Damaged status Barcode Current Location Full call number
2015-09-152018-05-23Library Block B 2015-09-15 AGR  2018-05-042B027 RUA002514Library Block BAGR CHE 2002 B027 Or.1
2015-09-152017-02-06Library Block B 2015-09-15 AGR  2017-01-031B027 RUA002868Library Block BAGR CHE 2002 B027 Or.2
2015-09-152023-10-18Library Block B 2015-09-15 AGR  2023-09-261B027 RUA002214Library Block BAGR CHE 2002 B027 Or.3
2015-09-152015-09-15Library Block B 2015-09-15 AGR    B027 RUA002286Library Block BAGR CHE 2002 B027 Or.4
2015-09-152015-09-15Library Block B 2015-09-15 AGR    B027 RUA002913Library Block BAGR CHE 2002 B027 Or.5
2015-09-152016-03-25Library Block B 2015-09-15 AGR  2016-03-171B027 RUA002357Library Block BAGR CHE 2002 B027 Or.6
មជ្ឈមណ្ឌលឯការនៃសាកលវិទ្យាល័យភូមិន្ទកសិកម្មចំការដូង

Powered by Koha